Villes de la MRN par images (Métropole Rouen Normandie) - Statistiques

Statistiques générales
  • Ce quiz a été pris 31 fois
  • Le résultat moyen est 13 sur 71
Statistiques - réponses
Par images Réponse % Correct
Rouen
100%
Jumièges
70%
Saint Etienne du Rouvray
52%
Tourville la Rivière
52%
Elbeuf
48%
Sotteville lès Rouen
48%
Duclair
43%
La Bouille
43%
Boos
39%
Cléon
35%
Le Petit Quevilly
35%
Mont Saint Aignan
35%
Sotteville sous le Val
35%
Canteleu
30%
Le Mesnil Esnard
30%
Moulineaux
30%
Franqueville Saint Pierre
26%
Le Mesnil sous Jumièges
26%
Petit Couronne
26%
Amfreville la Mi-Voie
22%
Bonsecours
22%
Le Grand Quevilly
22%
Sahurs
22%
Saint Martin de Boscherville
22%
Belbeuf
17%
Bois Guillaume
17%
Darnétal
17%
Malaunay
17%
Maromme
17%
Notre Dame de Bondeville
17%
Orival
17%
Val de la Haye
17%
Anneville Ambourville
13%
Bihorel
13%
Grand Couronne
13%
Bardouville
9%
Caudebec lès Elbeuf
9%
Isneauville
9%
Le Houlme
9%
Les Authieux sur le Port Saint Ouen
9%
Le Trait
9%
Montmain
9%
Quevillon
9%
Saint Jacques sur Darnétal
9%
Saint Léger du Bourg Denis
9%
Saint Pierre de Manneville
9%
Saint Pierre de Varengeville
9%
Yainville
9%
Berville sur Seine
4%
Déville lès Rouen
4%
Epinay sur Duclair
4%
Fontaine sous Préaux
4%
Freneuse
4%
Gouy
4%
Hautot sur Seine
4%
Hénouville
4%
Houppeville
4%
La Londe
4%
La Neuville Chant d'Oisel
4%
Oissel
4%
Quévreville la Poterie
4%
Roncherolles sur le Vivier
4%
Saint Aubin Celloville
4%
Saint Aubin Epinay
4%
Saint Aubin lès Elbeuf
4%
Sainte Marguerite sur Duclair
4%
Saint Martin du Vivier
4%
Saint Paër
4%
Saint Pierre lès Elbeuf
4%
Ymare
4%
Yville sur Seine
4%
Aucun quiz correspondant
Distribution des résultats
% des personnes avec chaque résultat
Percentile par nombre de réponses
Votre historique - résultats
Vous n’avez pas pris ce quiz